EPC knowledge #1 - Statistics

General Stats
  • This quiz has been taken 11 times
  • The average score is 11 of 15
Answer Stats
Hint Answer % Correct
what is the chemical symbol of gold au
100%
what type of animal does the term canine refer to dog
100%
name the smallest country in the world vatican city
100%
what is the last US state alphabetically wyoming
100%
what number comes after 3.14 1
80%
what football player has the most Ballon D'or trophies Lionel Messi
80%
what was the name for the first continent in history pangea
80%
what planet may also be a name for part of your body uranus
80%
name the most western country in europe iceland
60%
what sport would you do the fosbury flop pole vault
60%
what non existent animal can be killed by this werewolf
60%
what component of blood fights infections White Blood Cell
60%
name the greek god of earthquakes posiedon
40%
what is the english translation of argenti silver
40%
what animal groups are called a pod dolphin
20%
No matching quizzes found
Score Distribution
Percent of People with Each Score
Percentile by Number Answered
Your Score History
You have not taken this quiz